000 00337nam a22001097a 4500
008 160428b xxu||||| |||| 00| 0 eng d
020 _a0815113234
041 _aeng
080 _a618.2
245 _aAACN Clinical reference for critical care nursing:
_cMarguerite Rodgers Kinney; Sandra Byars Dunbar; Jo Ann Brooks Brunn;
942 _2udc
_cBK
999 _c1646
_d1646